Famous Monkeys Quiz Stats

 Plays Quiz Updated Jul 16, 2019

Score 0/30 Timer 06:00
0 Plays Today
Clue Monkey/Ape % Correct
Friend of the man in the Yellow HatCurious George
89.5%
Giant Gorilla from Skull IslandKing Kong
69.9%
Aladdin's pet monkeyAbu
59.7%
Titular video game Ape Donkey Kong
51.2%
Torments Chris Griffin in Family GuyEvil Monkey
42.5%
Mandrill in Disney's The Lion KingRafiki
41.8%
Pet of entertainer Michael JacksonBubbles the chimpanzee
35.3%
Ross' pet monkey in FriendsMarcel
33.4%
Hotel monkey who helps people check inDunston
29.6%
Orangutan from Disney's The Jungle BookKing Louie
27.8%
Megalomaniacal monkey from The Powerpuff GirlsMojo Jojo
22.8%
1998 Disney family film starring Bill Paxton and Charlize TheronMighty Joe Young
20.9%
1970's sign language female gorillaKoko
16.5%
Matt LeBlanc's baseball playing chimpanzeeEd
15.3%
Ate Bananas in front of Mr. Peebles Pet shopMagilla Gorilla
14.9%
Clue Monkey/Ape % Correct
40ft tall Purple GorillaGrape Ape
14.7%
1930's film chimpanzee sidekick of TarzanCheeta
14.4%
Every Which Way But LooseClyde
9.3%
Planet of the Apes orangutan played by Maurice EvansDr. Zaius
8.2%
Krusty's trained monkey Mr Teeny
6.4%
Pet chimpanzee from Speed RacerChim-Chim
6.1%
Ace Ventura's monkey companionSpike
5.9%
Planet of the Apes chimpanzee archaeologist and historianCornelius
4.6%
DC Comic supervillian, enemy of the FlashGorilla Grodd
4.1%
Blue Superfriends characterGleek
2.5%
Daniel Quinn gorilla philosopherIshmael
2%
First monkey in spaceAlbert II
1.1%
Chimp voiced by Conrad Vernon in MadagascarMason the Chimpanzee
1%
Space GhostBlip
1%
Lost in SpaceDebbie
0.5%

You're not logged in!

Compare scores with friends on all Sporcle quizzes.
OR
Log In

Sporcle TV

Today on Sporcle TV


Watch our educational content, quiz creation guides, and fun videos on Sporcle TV.

Show Comments

Extras

Top Quizzes Today


Score Distribution

Your Account Isn't Verified!

In order to create a playlist on Sporcle, you need to verify the email address you used during registration. Go to your Sporcle Settings to finish the process.

Report this User

Report this user for behavior that violates our Community Guidelines.

Details: